00890nam a2200253 a 450000100060000000300090000600800410001502000180005604000280007404100080010208200170011010000320012724501430015925000110030226000590031330000110037250000360038365000390041965000220045865000440048065000410052465000410056570000300060626467CO-ViMGA141112s2004 ck r 000 u spa d a9789587108149 aCO-ViMGAbspacCO-ViMGA aSPA04a323.044 G17m1 aGaray Salamanca, Luis Jorge10aMemoria y reparación : belementos para una justicia transicional pro víctima / cLuis Jorge Garay Salamanca, Fernando Vargas Valencia a1a ed. aBogotá : bUniversidad Externado de Colombia, c2014 a155 p. aIncluye bibliografía al final14aDESPLAZAMIENTO FORZADO - COLOMBIA 14aMEMORIA COLECTIVA14aREPARACION (JUSTICIA PENAL) - COLOMBIA 14aRESTITUCIÓN DE TIERRAS - COLOMBIA 14aVICTIMAS DE LA VIOLENCIA - COLOMBIA 1 aVargas Valencia, Fernando